01139 a2200229 45000010006000000050017000060080041000230030015000640400040000790800149001192450030002680200018002982640043003163000019003595050312003789420007006905900036006971000026007337000027007599990015007869520108008015422020260407155812.0260407a1982 arg spa dAR-UNSa-BCEJYS aAR-UNSa-BCEJYSbspacAR-UNSa-BCEJYS a336.748xPrecios del cambio de monedas. Movimientos de los precios de cambio. Fluctuaciones en los precios de cambio (Inflación, Deflación) 10aInflación y estabilidad a950 037 016 8 1aBuenos Aires :bEdiciones Macchic1982 a335 p.c22 cm. a1. Introducción – 2. Marco conceptual del problema de estabilización – 3. Efectos iniciales del proceso de estabilización – 4. El debate credibilidad vs. Pragmatismo – 5. Consistencia entre pauta cambiaria y política fiscal – 6. Las estampidas de las tasas – 7. Consideraciones finales.  cBK aniveau_biblio:m niveau_hierar:01 aFernández, Roque B.1 aRodríguez, Carlos A. c5391d5391 00104070aBCEJYSbBCEJYSc16d2026-04-07l0o336.748 F362pL39369r2026-04-07 15:58:12w2026-04-07yL